Frisbeegolfin Suomenmestarit - Statistics

Yleistilastot
  • Tätä visaa on pelattu 86 kertaa
    24 viimeisimmän päivityksen jälkeen
  • Keskiarvotulos 14 / 28
Vastaustilastot
Vuosi Voittaja % Oikein
2020 Niklas Anttila
100%
2022 Niklas Anttila
100%
2023 Niklas Anttila
100%
2021 Väinö Mäkelä
100%
2011 Seppo Paju
82%
2017 Seppo Paju
82%
2019 Oskari Vikström
68%
2000 Jussi Meresmaa
64%
2001 Jussi Meresmaa
64%
2024 Teemu Talikainen
59%
2025 Daniel Davidsson
55%
2013 Pasi Koivu
55%
2015 Pasi Koivu
55%
2012 Leo Piironen
50%
2016 Leo Piironen
50%
2018 Leo Piironen
50%
2009 Jesse Heinonen
41%
2010 Jesse Heinonen
41%
2014 Jalle Stoor
32%
2002 Timo Pursio
27%
2003 Timo Pursio
27%
2005 Timo Pursio
27%
2006 Timo Pursio
27%
2007 Ville Piippo
18%
2008 Joonas Hynönen
9%
1998 Sami Loukko
5%
1999 Sami Loukko
5%
2004 Markus Lindewald
0%
Ehtoja vastaavia visoja ei löytynyt
Tulosjakauma
Jokaisen tuloksen saaneiden osuus
Persentiili vastausten määrän mukaan
Tuloshistoriasi
Et ole pelannut tätä visaa sen viimeisimmän päivityksen jälkeen